000 00343nam a2200133Ia 4500
008 240624s9999 xx 000 0 und d
041 _aeng
082 _a154.6 FRE
100 _aFREUD SIGMUND
245 _aSIGMUND FREUD S INTERPRETATION OF DREAMS
260 _aNoida
_bMaple Press Pvt Ltd
300 _a578 : p. : cm. ; 21
365 _cRS
_b30
999 _c26860
_d26860